[Event "RUS-ch U18"]
[Site "Rybinsk"]
[Date "2001.??.??"]
[Round "10"]
[White "Kutuzov, Denis"]
[Black "Lukoyanov, Andrei"]
[Result "1-0"]
[WhiteElo "2226"]
[BlackElo "2266"]
[PlyCount "69"]
[EventDate "2001.02.??"]
[EventType "swiss"]
[EventRounds "10"]
[EventCountry "RUS"]
[SourceTitle "EXT 2002"]
[Source "ChessBase"]
[SourceDate "2001.11.25"]
[SourceVersion "1"]
[SourceVersionDate "2001.11.25"]
[SourceQuality "1"]

1. e4 c5 2. Nf3 Nc6 3. Bb5 e6 4. 0-0 Nge7 5. c3 d5 6. exd5 Qxd5 7. Qe2 a6 8. Bc4 Qd7 9. Rd1 b5 10. Bb3 Bb7 11. d4 c4 12. Bc2 Nd5 13. b3 Nb6 14. bxc4 bxc4 15. Nbd2 Na5 16. Ne5 Qc7 17. Ne4 Bxe4 18. Bxe4 Rd8 19. Bf4 Bd6 20. Qh5 Na4 21. Nxf7 Qxf7 22. Qxa5 Qxf4 23. Bc6+ Ke7 24. g3 Qg4 25. Qxa4 h5 26. Re1 h4 27. Qc2 Rh6 28. Qe4 Qh3 29. Qg2 hxg3 30. fxg3 Qxg2+ 31. Bxg2 Rdh8 32. Rab1 Rxh2 33. Rb7+ Kd8 34. Rxe6 Be7 35. Rc6 1-0

[Event "RUS-ch U18"]
[Site "Rybinsk"]
[Date "2001.??.??"]
[Round "3"]
[White "Lukoyanov, Andrei"]
[Black "Dukhin, Jokhan"]
[Result "0-1"]
[WhiteElo "2266"]
[BlackElo "2135"]
[PlyCount "60"]
[EventDate "2001.02.??"]
[EventType "swiss"]
[EventRounds "10"]
[EventCountry "RUS"]
[SourceTitle "EXT 2002"]
[Source "ChessBase"]
[SourceDate "2001.11.25"]
[SourceVersion "1"]
[SourceVersionDate "2001.11.25"]
[SourceQuality "1"]

1. d4 d5 2. c4 c6 3. Nf3 Nf6 4. Nc3 a6 5. cxd5 cxd5 6. Bf4 Nc6 7. e3 e6 8. Bd3 b5 9. Rc1 Bb7 10. 0-0 Rc8 11. Re1 Be7 12. e4 Nb4 13. exd5 Nfxd5 14. Nxd5 Rxc1 15. Bxc1 Nxd3 16. Qxd3 Qxd5 17. b3 0-0 18. Bb2 Rc8 19. h3 Bd6 20. Rd1 Qh5 21. Rd2 h6 22. Qe3 Qg6 23. Qd3 Qh5 24. Qe3 Qf5 25. Qd3 Be4 26. Qe2 Bf4 27. Nh4 Qd5 28. Rd1 Rc2 29. Qg4 Bd6 30. f3 Bf5 0-1

[Event "RUS-ch U18"]
[Site "Rybinsk"]
[Date "2001.??.??"]
[Round "1"]
[White "Lukoyanov, Andrei"]
[Black "Khismatullin, Denis Rimovich"]
[Result "1/2-1/2"]
[WhiteElo "2266"]
[BlackElo "2416"]
[PlyCount "70"]
[EventDate "2001.02.??"]
[EventType "swiss"]
[EventRounds "10"]
[EventCountry "RUS"]
[SourceTitle "EXT 2002"]
[Source "ChessBase"]
[SourceDate "2001.11.25"]
[SourceVersion "1"]
[SourceVersionDate "2001.11.25"]
[SourceQuality "1"]

1. d4 Nf6 2. Bg5 g6 3. Bxf6 exf6 4. e3 Bg7 5. Bd3 f5 6. c3 d5 7. Nd2 Nd7 8. Ne2 Nf6 9. 0-0 0-0 10. Qc2 b6 11. b4 Bb7 12. c4 dxc4 13. Bxc4 Nd5 14. Rab1 Qd6 15. a3 a6 16. Rfc1 Rfe8 17. Bxd5 Qxd5 18. Nf4 Qd8 19. Qxc7 Re7 20. Qxd8+ Rxd8 21. Nc4 Bh6 22. Nxb6 Bxf4 23. exf4 Rxd4 24. Rd1 Rxf4 25. Nd5 Bxd5 26. Rxd5 Re2 27. Rf1 Rc4 28. Ra5 Rc6 29. g3 Kg7 30. Kg2 Ra2 31. Rd1 Rcc2 32. Rf1 Rcb2 33. Rxa6 Rxb4 34. Rxg6+ hxg6 35. axb4 Rb2 1/2-1/2